000 01181nam0a2200313 4500
001 RU\NLR\bibl\484120
005 20260405053648.0
010 _a5-7533-0276-9
_95000
021 _aRU
_b2003-67952
_93351
035 _a(NLR Aleph) 000476856
090 _a1028752
_c1028752
100 _a20040128d2003 |||y0rusy50 ca
101 1 _arus
_cgre
102 _aRU
105 _aa |||||||||
200 1 _aИстория Матери Церквей
_fАрхиеп. Аф. и всея Эллады Хризостом I
_g[Адапт. пер. с новгреч. св. Димитрия Гоцкалюка]
210 _aМ.
_cСрет. монастырь
_d2003
215 _a202, [4] с.
_cил.
_d17
300 _aПер. изд. с новогреч. яз.
601 0 2 _aИерусалимская православная церковь
_92133593
_3RU\NLR\auth\661286860
686 _aЭ372.17
700 0 _4070
_8rus
_7ca
_aХризостом
_cПападопулос
_dI
_f1868-1938
_3RU\NLR\AUTH\7717468
_9555
801 0 _aRU
_bNLR
_c20040128
_gPSBO
801 1 _aRU
_bNLR
_c20040128
942 _cBOOK
980 _aNB